000 00328nam a22001457a 4500
003 OSt
005 20211231125750.0
008 211231b |||||||| |||| 00| 0 eng d
020 _a108177226061
040 _cHU
082 _a006.7
100 _aGupta
_91644
245 _aComdex Multimedia & Web Design
942 _2ddc
_cBOOKS
_n0
999 _c25534
_d25534